麻雀のアガリ役一覧 - Statistics

General Stats
  • This quiz has been taken 2,934 times
  • The average score is 22 of 36
Answer Stats
Hint Answer % Correct
役満 国士無双
91%
1飜 立直
87%
役満 四暗刻
81%
1飜 平和
80%
1飜 断么九
78%
6飜 清一色
75%
役満 大三元
75%
3飜 混一色
74%
役満 緑一色
73%
1飜 一盃口
70%
2飜 七対子
69%
2飜 三暗刻
69%
役満 字一色
69%
1飜 門前清自摸和
67%
2飜 三色同順
64%
2飜 対々和
63%
役満 四槓子
63%
3飜 二盃口
62%
役満 九蓮宝燈
62%
役満 天和
59%
2飜 小三元
57%
役満 地和
57%
2飜 混全帯么九
56%
2飜 三色同刻
56%
役満 清老頭
55%
2飜 三槓子
54%
2飜 一気通貫
52%
3飜 純全帯么九
51%
1飜 嶺上開花
50%
1飜 役牌
49%
2飜 混老頭
49%
1飜 海底摸月
43%
2飜 ダブル立直
39%
1飜 河底撈魚
38%
1飜 搶槓
37%
役満 四喜和
34%
No matching quizzes found
Score Distribution
Percent of People with Each Score
Percentile by Number Answered
Your Score History
You have not taken this quiz